000 00410nmm a2200157Ia 4500
008 251105s9999||||xx |||||||||||||||||und||
041 _aspa
100 _aRimmer, Christine
245 0 _aRomance con el jefe
264 _a[Madrid, España] :
_bHarlequin,
_c2011
300 _a192 páginas
490 _aJulia
650 _aRomance
856 _uhttps://public.digitaliapublishing.com/a/50000
942 _cCF
999 _c99657
_d99657